Post harvest physiology of food crops / (Record no. 4890)
[ view plain ]
| 000 -LEADER | |
|---|---|
| fixed length control field | 00383cam a2200157ua 4500 |
| 003 - CONTROL NUMBER IDENTIFIER | |
| control field | OSt |
| 008 - FIXED-LENGTH DATA ELEMENTS--GENERAL INFORMATION | |
| fixed length control field | 240124b |||||||| |||| 00| 0 eng d |
| 020 ## - INTERNATIONAL STANDARD BOOK NUMBER | |
| ISBN | 0 582 46038 7 |
| 041 ## - LANGUAGE CODE | |
| Language code of text/sound track or separate title | eng |
| 082 ## - DEWEY DECIMAL CLASSIFICATION NUMBER | |
| Classification number | 631.56 |
| Item number | BUR/PO |
| 100 ## - MAIN ENTRY--AUTHOR NAME | |
| Personal name | Burton, W G . |
| 245 ## - TITLE STATEMENT | |
| Title | Post harvest physiology of food crops / |
| 260 ## - PUBLICATION, DISTRIBUTION, ETC. (IMPRINT) | |
| Place of publication | London : |
| Name of publisher | Longman , |
| Year of publication | 1982. |
| 300 ## - PHYSICAL DESCRIPTION | |
| Number of Pages | ; . |
| 942 ## - ADDED ENTRY ELEMENTS (KOHA) | |
| Koha item type | Books |
| Withdrawn status | Lost status | Damaged status | Home library | Current library | Date acquired | Full call number | Accession Number | Koha item type | Shelving location | Cost, normal purchase price |
|---|---|---|---|---|---|---|---|---|---|---|
| KAUAET | KAUAET | 27/03/1987 | 631.56 | 16214 | Books | |||||
| KAUAET | KAUAET | 24/01/1987 | 631.56 BUR/PO | 16147 | Books | General Stacks | 370.00 |
